[Event "Jupiter FISCA op"]
[Site "Jupiter"]
[Date "2023.06.18"]
[Round "2"]
[White "Cioara, Andrei Nestor"]
[Black "Angheluta, Ovidiu"]
[Result "1-0"]
[WhiteElo "2409"]
[BlackElo "1793"]
[PlyCount "125"]
[EventDate "2023.06.13"]
[EventType "swiss"]
[EventRounds "9"]
[EventCountry "ROU"]
[SourceTitle "EXT 2024"]
[Source "ChessBase"]
[SourceDate "2023.10.10"]
[SourceVersion "1"]
[SourceVersionDate "2023.10.10"]
[SourceQuality "1"]

1. d4 Nf6 2. c4 e5 3. dxe5 Ng4 4. Nh3 Nxe5 5. e3 Bb4+ 6. Bd2 Bxd2+ 7. Qxd2 d6 8. Nf4 Ng6 9. Nxg6 hxg6 10. Nc3 b6 11. Qd5 c6 12. Qd4 Qf6 13. 0-0-0 Qxd4 14. Rxd4 Ke7 15. Be2 Bb7 16. Re4+ Kf8 17. Rd4 c5 18. Rxd6 Ke7 19. Rhd1 Bxg2 20. f3 Bh3 21. R6d2 Be6 22. Nd5+ Bxd5 23. Rxd5 Na6 24. Rd7+ Ke8 25. f4 Rh3 26. e4 Rxh2 27. Bf3 Rf2 28. Bh1 Nb4 29. e5 Rc8 30. Bb7 Rb8 31. a3 Rf1 32. Bg2 Rxd1+ 33. Rxd1 Na6 34. Bc6+ Kf8 35. Rd7 Rc8 36. Bd5 Rc7 37. Rd8+ Ke7 38. Ra8 f6 39. Rg8 g5 40. Rxg7+ Kf8 41. Rg8+ Ke7 42. exf6+ Kxf6 43. fxg5+ Kf5 44. g6 Re7 45. Bf7 Nc7 46. Rd8 Kf6 47. Rd6+ Kg7 48. Kd2 Kf8 49. b4 cxb4 50. axb4 Na6 51. Kc3 Re3+ 52. Kd4 Re7 53. Rd8+ Kg7 54. b5 Nc5 55. Kd5 Rd7+ 56. Rxd7 Nxd7 57. Kc6 Nc5 58. Kc7 Kf6 59. Kb8 a5 60. bxa6 Nxa6+ 61. Kb7 Nc5+ 62. Kxb6 Nd7+ 63. Kb5 1-0

[Event "Cap Aurora FISCA op"]
[Site "Cap Aurora"]
[Date "2022.06.26"]
[Round "6"]
[White "Angheluta, Ovidiu"]
[Black "Togan, Teodor Bogdan"]
[Result "1/2-1/2"]
[WhiteElo "1807"]
[BlackElo "1507"]
[PlyCount "86"]
[EventDate "2022.06.22"]
[EventType "swiss"]
[EventRounds "9"]
[EventCountry "ROU"]
[SourceTitle "EXT 2023"]
[Source "ChessBase"]
[SourceDate "2022.10.05"]
[SourceVersion "1"]
[SourceVersionDate "2022.10.05"]
[SourceQuality "1"]

1. e4 e5 2. f4 Bc5 3. Nf3 d6 4. c3 Nf6 5. d4 exd4 6. cxd4 Bb4+ 7. Bd2 Bxd2+ 8. Nbxd2 0-0 9. e5 Nd5 10. Ne4 Nxf4 11. Qd2 Ng6 12. h4 h6 13. Nf6+ Kh8 14. h5 Ne7 15. g4 Nd7 16. 0-0-0 Ng8 17. Nxg8 Kxg8 18. g5 hxg5 19. Nxg5 dxe5 20. dxe5 Qe7 21. e6 fxe6 22. h6 g6 23. h7+ Kh8 24. Bd3 Ne5 25. Bc2 Bd7 26. Qe3 Qg7 27. Rhe1 Ng4 28. Qg3 e5 29. Re4 Nf2 30. Rxd7 Qxd7 31. Qxe5+ Qg7 32. Qxg7+ Kxg7 33. Re7+ Kh6 34. h8Q+ Rxh8 35. Nf7+ Kh5 36. Nxh8 Rxh8 37. Re2 Rf8 38. Re7 Rc8 39. Rh7+ Kg5 40. Rg7 Kf6 41. Rxg6+ Ke7 42. Rg2 Rf8 43. Kd2 Nh3 1/2-1/2

[Event "Daventry 4NCL Easter op-B 2nd"]
[Site "Daventry"]
[Date "2022.04.18"]
[Round "6"]
[White "Angheluta, Ovidiu"]
[Black "Neatherway, A Philip"]
[Result "0-1"]
[WhiteElo "1992"]
[BlackElo "1823"]
[PlyCount "74"]
[EventDate "2022.04.15"]
[EventType "swiss"]
[EventRounds "7"]
[EventCountry "ENG"]
[SourceTitle "CBM 207 Extra"]
[Source "ChessBase"]
[SourceDate "2022.05.31"]
[SourceVersion "1"]
[SourceVersionDate "2022.05.31"]
[SourceQuality "1"]

1. e4 e6 2. c4 d5 3. Nc3 d4 4. Nce2 c5 5. f4 Nc6 6. Nf3 g6 7. d3 Bg7 8. g4 h5 9. g5 e5 10. h4 Bg4 11. Ng3 exf4 12. Bxf4 Qa5+ 13. Kf2 f6 14. Be2 Bxf3 15. Bxf3 fxg5 16. Bxg5 Nge7 17. Rf1 0-0-0 18. a3 Rdf8 19. b4 cxb4 20. Bxe7 Nxe7 21. axb4 Qxb4 22. Rxa7 Nc6 23. Ra4 Qd6 24. Kg2 Be5 25. Ne2 Qe7 26. Ra8+ Kc7 27. Rxf8 Rxf8 28. Kh3 Bf6 29. Qe1 Be5 30. Kg2 Bd6 31. Qc1 Qxh4 32. Rh1 Qf6 33. Rf1 Qe5 34. Rh1 Qf6 35. Rf1 h4 36. Qe1 h3+ 37. Kh1 Qe5 0-1

[Event "Daventry 4NCL Easter op-B 2nd"]
[Site "Daventry"]
[Date "2022.04.16"]
[Round "2"]
[White "Angheluta, Ovidiu"]
[Black "Gostelow, Luke"]
[Result "1-0"]
[WhiteElo "1992"]
[BlackElo "1867"]
[PlyCount "63"]
[EventDate "2022.04.15"]
[EventType "swiss"]
[EventRounds "7"]
[EventCountry "ENG"]
[SourceTitle "CBM 207 Extra"]
[Source "ChessBase"]
[SourceDate "2022.05.31"]
[SourceVersion "1"]
[SourceVersionDate "2022.05.31"]
[SourceQuality "1"]

1. e4 c5 2. c4 Nc6 3. g3 e6 4. Bg2 Nge7 5. Nc3 Nd4 6. Rb1 Nec6 7. a3 Rb8 8. Nge2 Be7 9. Nxd4 Nxd4 10. b4 0-0 11. 0-0 a6 12. d3 b5 13. Be3 cxb4 14. axb4 Nc6 15. c5 Bf6 16. d4 d6 17. cxd6 e5 18. d5 Nd4 19. f4 exf4 20. Bxd4 fxg3 21. e5 gxh2+ 22. Kh1 Bg5 23. Ne4 Bh6 24. Qh5 Bb7 25. Rf6 Bxd5 26. Rxh6 Bxe4 27. Bxe4 gxh6 28. Qxh6 f5 29. e6 Rf6 30. Bxf6 Qf8 31. Qg5+ Qg7 32. Qxg7# 1-0

[Event "Leamington Spa 4NCL op-B 26th"]
[Site "Leamington Spa"]
[Date "2021.09.12"]
[Round "4"]
[White "Angheluta, Ovidiu"]
[Black "Shenbagakumar, Gautham"]
[Result "1-0"]
[WhiteElo "1953"]
[BlackElo "1866"]
[PlyCount "61"]
[EventDate "2021.09.10"]
[EventType "swiss"]
[EventRounds "5"]
[EventCountry "ENG"]
[SourceTitle "EXT 2023"]
[Source "ChessBase"]
[SourceDate "2022.10.05"]
[SourceVersion "1"]
[SourceVersionDate "2022.10.05"]
[SourceQuality "1"]

1. e4 c5 2. c4 Nc6 3. g3 Nf6 4. Bg2 e5 5. Ne2 d6 6. 0-0 Be7 7. d3 0-0 8. Nbc3 Nd4 9. f4 Bg4 10. h3 Bxe2 11. Nxe2 Nxe2+ 12. Qxe2 Ne8 13. f5 Bf6 14. a3 g6 15. Bh6 Bg7 16. Be3 h6 17. Rf2 Kh7 18. b4 b6 19. h4 Bf6 20. fxg6+ fxg6 21. h5 Rg8 22. Bh3 g5 23. Qf3 Bg7 24. Qf7 Kh8 25. Raf1 Bf6 26. Rxf6 Nxf6 27. Rxf6 Qf8 28. Qe6 Qd8 29. Rf7 Rg7 30. Qxh6+ Kg8 31. Qxg7# 1-0

[Event "South Normanton 4NCL op-B 23rd"]
[Site "South Normanton"]
[Date "2019.10.06"]
[Round "4"]
[White "Davies, Sam"]
[Black "Angheluta, Ovidiu"]
[Result "1-0"]
[WhiteElo "1720"]
[BlackElo "1858"]
[PlyCount "55"]
[EventDate "2019.10.04"]
[EventType "swiss"]
[EventRounds "5"]
[EventCountry "ENG"]
[SourceTitle "CBM 193 Extra"]
[Source "ChessBase"]
[SourceDate "2020.01.31"]
[SourceVersion "1"]
[SourceVersionDate "2020.01.31"]
[SourceQuality "1"]

1. d4 Nf6 2. c4 e6 3. Nc3 Bb4 4. f3 Bxc3+ 5. bxc3 c5 6. d5 Qa5 7. Bd2 d6 8. e4 0-0 9. Bd3 b5 10. Ne2 bxc4 11. Bxc4 Ba6 12. Bxa6 Qxa6 13. dxe6 fxe6 14. 0-0 d5 15. exd5 exd5 16. Bg5 Nbd7 17. Nf4 Qc6 18. Re1 Rfe8 19. Qc2 Rac8 20. Rad1 Qd6 21. Qf5 d4 22. cxd4 Rxe1+ 23. Rxe1 cxd4 24. Bxf6 Rc5 25. Qe6+ Qxe6 26. Nxe6 gxf6 27. Nxc5 Nxc5 28. Rd1 1-0

[Event "South Normanton 4NCL op-B 23rd"]
[Site "South Normanton"]
[Date "2019.10.05"]
[Round "2"]
[White "Walshaw, David"]
[Black "Angheluta, Ovidiu"]
[Result "1/2-1/2"]
[WhiteElo "1646"]
[BlackElo "1858"]
[PlyCount "67"]
[EventDate "2019.10.04"]
[EventType "swiss"]
[EventRounds "5"]
[EventCountry "ENG"]
[SourceTitle "CBM 193 Extra"]
[Source "ChessBase"]
[SourceDate "2020.01.31"]
[SourceVersion "1"]
[SourceVersionDate "2020.01.31"]
[SourceQuality "1"]

1. e4 d5 2. exd5 Qxd5 3. Nf3 Nf6 4. d4 c6 5. Be2 Bf5 6. 0-0 e6 7. c4 Qa5 8. Nc3 Bd6 9. Qb3 Qc7 10. h3 h6 11. Be3 Nbd7 12. Rac1 0-0-0 13. Qa4 Kb8 14. b4 g5 15. d5 Nb6 16. Bxb6 axb6 17. Nd4 Bf4 18. Rcd1 b5 19. cxb5 cxd5 20. Nxf5 exf5 21. Rd3 g4 22. h4 d4 23. Nb1 Ne4 24. Ra3 Qb6 25. Bd3 Rhe8 26. g3 Bd2 27. Nxd2 Nxd2 28. Rc1 Re1+ 29. Rxe1 Nf3+ 30. Kf1 Nxe1 31. Kxe1 Rd7 32. Kf1 Qe6 33. Qd1 f4 34. Qd2 1/2-1/2

[Event "South Normanton 4NCL op-B 23rd"]
[Site "South Normanton"]
[Date "2019.10.04"]
[Round "1"]
[White "Angheluta, Ovidiu"]
[Black "Hirst, Joe"]
[Result "1/2-1/2"]
[WhiteElo "1858"]
[BlackElo "1660"]
[PlyCount "72"]
[EventDate "2019.10.04"]
[EventType "swiss"]
[EventRounds "5"]
[EventCountry "ENG"]
[SourceTitle "CBM 193 Extra"]
[Source "ChessBase"]
[SourceDate "2020.01.31"]
[SourceVersion "1"]
[SourceVersionDate "2020.01.31"]
[SourceQuality "1"]

1. e4 d6 2. c4 Nf6 3. Nc3 g6 4. g3 Bg7 5. Bg2 0-0 6. Nge2 e5 7. 0-0 c6 8. d3 a6 9. Rb1 b5 10. a3 Ne8 11. Be3 f5 12. f4 Nc7 13. Bb6 bxc4 14. dxc4 Qe7 15. Qd3 Ne8 16. b4 Be6 17. Rbd1 Nd7 18. Be3 Ndf6 19. fxe5 Nxe4 20. Nxe4 fxe4 21. Rxf8+ Kxf8 22. exd6 exd3 23. dxe7+ Kxe7 24. Bc5+ Kf7 25. Rxd3 Bxc4 26. Rd7+ Kg8 27. Bxc6 Rc8 28. Bf3 Nf6 29. Ra7 Re8 30. Re7 Rd8 31. Nf4 Nd7 32. Ne6 Bxe6 33. Rxe6 Nxc5 34. bxc5 Bd4+ 35. Kf1 Bxc5 36. Rxa6 Rd6 1/2-1/2

[Event "Basingstoke 4NCL Spring Bank 2nd U2050"]
[Site "Basingstoke"]
[Date "2019.05.27"]
[Round "7"]
[White "Buanne, Luca"]
[Black "Angheluta, Ovidiu"]
[Result "1/2-1/2"]
[WhiteElo "1536"]
[BlackElo "1891"]
[PlyCount "115"]
[EventDate "2019.05.24"]
[EventType "swiss"]
[EventRounds "7"]
[EventCountry "ENG"]
[SourceTitle "EXT 2020"]
[Source "ChessBase"]
[SourceDate "2019.10.17"]
[SourceVersion "1"]
[SourceVersionDate "2019.10.17"]
[SourceQuality "1"]

1. e4 d5 2. exd5 Qxd5 3. Nc3 Qa5 4. Bc4 Nf6 5. d3 Nc6 6. Bd2 Bg4 7. Nf3 Qh5 8. Bb5 Nd7 9. Bxc6 bxc6 10. Bf4 0-0-0 11. Qe2 e5 12. Be3 Kb7 13. 0-0-0 f5 14. h3 Bxf3 15. gxf3 c5 16. a4 Bd6 17. a5 Ka8 18. Nb5 Rb8 19. Na3 Rb4 20. Nc4 Rhb8 21. Bd2 R4b5 22. Rhg1 Qf7 23. Bc3 g6 24. f4 e4 25. Nxd6 cxd6 26. dxe4 Qa2 27. exf5 Rxb2 28. Bxb2 Qxb2+ 29. Kd2 Qb4+ 30. c3 Qxf4+ 31. Ke1 Ne5 32. Rg3 c4 33. Rxd6 Qxf5 34. Kf1 Rf8 35. Rd5 Qb1+ 36. Kg2 Nd3 37. Rdxd3 cxd3 38. Qe4+ Qb7 39. Qxb7+ Kxb7 40. Rxd3 Kc6 41. Re3 Rf5 42. Re7 Rxa5 43. Rxh7 Rg5+ 44. Kf3 a5 45. Kf4 Rh5 46. Rg7 Rxh3 47. Rxg6+ Kb5 48. Rg5+ Kb6 49. f3 a4 50. Ke5 Rxf3 51. Kd4 Rf4+ 52. Kd3 Rf2 53. Kc4 Rb2 54. Rg6+ Ka5 55. Rg5+ Ka6 56. Rg6+ Kb7 57. Rg7+ Kb6 58. Rg6+ 1/2-1/2

[Event "Basingstoke 4NCL Spring Bank 2nd U2050"]
[Site "Basingstoke"]
[Date "2019.05.26"]
[Round "4"]
[White "Angheluta, Ovidiu"]
[Black "Stock, Tobias W"]
[Result "0-1"]
[WhiteElo "1891"]
[BlackElo "1999"]
[PlyCount "44"]
[EventDate "2019.05.24"]
[EventType "swiss"]
[EventRounds "7"]
[EventCountry "ENG"]
[SourceTitle "EXT 2020"]
[Source "ChessBase"]
[SourceDate "2019.10.17"]
[SourceVersion "1"]
[SourceVersionDate "2019.10.17"]
[SourceQuality "1"]

1. e4 d6 2. c4 e5 3. Nc3 Nf6 4. g3 g6 5. Bg2 Bg7 6. Nge2 0-0 7. 0-0 c6 8. b4 Be6 9. d3 d5 10. exd5 cxd5 11. Qb3 e4 12. Nf4 Nc6 13. Nxe6 fxe6 14. Rb1 Ng4 15. Ne2 exd3 16. Nf4 Nd4 17. Qxd3 Ne5 18. Qd1 dxc4 19. Bxb7 c3 20. Be4 Qc7 21. Be3 c2 22. Nxe6 cxd1Q 0-1

[Event "Basingstoke 4NCL Spring Bank 2nd U2050"]
[Site "Basingstoke"]
[Date "2019.05.25"]
[Round "2"]
[White "Angheluta, Ovidiu"]
[Black "Botlik, Bela"]
[Result "0-1"]
[WhiteElo "1891"]
[BlackElo "2029"]
[PlyCount "60"]
[EventDate "2019.05.24"]
[EventType "swiss"]
[EventRounds "7"]
[EventCountry "ENG"]
[SourceTitle "EXT 2020"]
[Source "ChessBase"]
[SourceDate "2019.10.17"]
[SourceVersion "1"]
[SourceVersionDate "2019.10.17"]
[SourceQuality "1"]

1. c4 Nf6 2. Nc3 g6 3. g3 Bg7 4. Bg2 0-0 5. e4 d6 6. Nge2 c5 7. a3 Nc6 8. Rb1 Rb8 9. b4 b6 10. f4 Bb7 11. 0-0 Nd4 12. d3 Ng4 13. h3 Nh6 14. Be3 Nxe2+ 15. Nxe2 f5 16. Qa4 Ra8 17. Rfd1 Qc7 18. bxc5 dxc5 19. e5 Bxg2 20. Kxg2 Qb7+ 21. Kf2 g5 22. Ng1 Qh1 23. fxg5 Qh2+ 24. Kf3 f4 25. gxf4 Nf5 26. Bf2 Bxe5 27. fxe5 Ng3+ 28. Kg4 Qxf2 29. h4 Nf5 30. Rf1 Qg3+ 0-1

[Event "Basingstoke 4NCL Spring Bank 2nd U2050"]
[Site "Basingstoke"]
[Date "2019.05.24"]
[Round "1"]
[White "Zakarian, Dimitrios Levon"]
[Black "Angheluta, Ovidiu"]
[Result "0-1"]
[WhiteElo "1594"]
[BlackElo "1891"]
[PlyCount "134"]
[EventDate "2019.05.24"]
[EventType "swiss"]
[EventRounds "7"]
[EventCountry "ENG"]
[SourceTitle "EXT 2020"]
[Source "ChessBase"]
[SourceDate "2019.10.17"]
[SourceVersion "1"]
[SourceVersionDate "2019.10.17"]
[SourceQuality "1"]

1. d4 Nf6 2. c4 e6 3. Nf3 Bb4+ 4. Nbd2 c5 5. a3 Qa5 6. dxc5 Bxd2+ 7. Bxd2 Qxc5 8. Bb4 Qb6 9. c5 Qc7 10. Nd4 a6 11. Qd2 Ne4 12. Qc2 f5 13. Rc1 Nc6 14. Nxc6 bxc6 15. e3 a5 16. Bd2 Qe5 17. Bd3 0-0 18. f4 Qd5 19. Bc4 Qxd2+ 20. Qxd2 Nxd2 21. Kxd2 Ba6 22. Rhd1 Rfb8 23. Bxa6 Rxa6 24. Kc3 Ra7 25. Rd4 Kf7 26. Rcd1 Ke7 27. Ra4 Rb5 28. Rc4 h6 29. g3 g6 30. Rd3 a4 31. Rd2 Raa5 32. Kd4 Kf6 33. Kc3 Rb3+ 34. Kd4 d5 35. Rcc2 Rab5 36. Re2 g5 37. Rg2 Rb8 38. h4 Rg8 39. h5 Re8 40. Rc3 Rb5 41. Rf2 Reb8 42. Rcc2 Rb3 43. Rg2 Rg8 44. Rcd2 Rb7 45. Kc3 Rb3+ 46. Kd4 Rg7 47. Rc2 Rb8 48. Rcd2 Re7 49. Rd3 Rb5 50. Rc3 Reb7 51. Rcc2 Ra7 52. Rgf2 Raa5 53. Rg2 Rb8 54. Rgf2 Ra7 55. Rg2 Rg7 56. Rc3 Re8 57. Rd3 gxf4 58. exf4 Rb8 59. Re3 Rgb7 60. Ree2 Rb3 61. Ref2 Rg8 62. Rc2 Rgxg3 63. Rxg3 Rxg3 64. Rc3 Rg4 65. Ke3 e5 66. fxe5+ Kxe5 67. Kf3 Rh4 0-1

[Event "Coventry 4NCL op-B 16th"]
[Site "Coventry"]
[Date "2017.11.05"]
[Round "4"]
[White "Angheluta, Ovidiu"]
[Black "Royal, Shreyas"]
[Result "1-0"]
[WhiteElo "1866"]
[BlackElo "1724"]
[PlyCount "53"]
[EventDate "2017.11.03"]
[EventType "swiss"]
[EventRounds "5"]
[EventCountry "ENG"]
[SourceTitle "CBM 181 Extra"]
[Source "ChessBase"]
[SourceDate "2017.12.12"]
[SourceVersion "1"]
[SourceVersionDate "2017.12.12"]
[SourceQuality "1"]

1. c4 Nf6 2. Nc3 g6 3. g3 d5 4. cxd5 Nxd5 5. Bg2 Nxc3 6. bxc3 Bg7 7. Rb1 c5 8. Qb3 Nc6 9. Qb5 Qb6 10. Ba3 c4 11. Bd5 Bd7 12. Bxf7+ Kd8 13. Nf3 e6 14. Qg5+ Kc7 15. Rxb6 axb6 16. Bb4 Rxa2 17. 0-0 Nxb4 18. cxb4 Rf8 19. Qe7 Raa8 20. Bxe6 Rad8 21. Qxg7 Rfe8 22. Nd4 Kc8 23. Bxc4 Kc7 24. Ne6+ Kc8 25. Ra1 Kb8 26. Qe5+ Kc8 27. Qc7# 1-0

[Event "Wakefield 4NCL op-B 13th"]
[Site "Wakefield"]
[Date "2017.04.07"]
[Round "1.10"]
[White "Angheluta, Ovidiu"]
[Black "Walshaw, David"]
[Result "1-0"]
[WhiteElo "1873"]
[BlackElo "1689"]
[PlyCount "67"]
[EventDate "2017.04.07"]
[EventType "swiss"]
[EventRounds "5"]
[EventCountry "ENG"]
[SourceTitle "EXT 2023"]
[Source "ChessBase"]
[SourceDate "2022.10.05"]
[SourceVersion "1"]
[SourceVersionDate "2022.10.05"]
[SourceQuality "1"]

1. e4 g6 2. c4 Bg7 3. Nc3 c5 4. g3 Nc6 5. Bg2 Rb8 6. a3 a6 7. Rb1 b5 8. cxb5 axb5 9. b4 cxb4 10. axb4 Nf6 11. Nge2 e5 12. 0-0 0-0 13. d3 d6 14. h3 Bd7 15. Be3 Ne7 16. f4 Ne8 17. g4 f5 18. Qb3+ Kh8 19. exf5 gxf5 20. Ba7 Rc8 21. fxe5 dxe5 22. Bb7 Qc7 23. Bc5 Qxb7 24. Bxe7 Qb6+ 25. Bc5 Rxc5 26. bxc5 Qxc5+ 27. Kh2 e4 28. d4 Qd6+ 29. Kg2 Bxd4 30. Rbd1 b4 31. Nxe4 Bc6 32. Rxd4 Qe5 33. Qc3 Bxe4+ 34. Rxe4 1-0

[Event "West Bromwich 4NCL op-B 9th"]
[Site "West Bromwich"]
[Date "2016.07.10"]
[Round "5.3"]
[White "Angheluta, Ovidiu"]
[Black "Homolka, Vincent"]
[Result "0-1"]
[WhiteElo "1877"]
[BlackElo "1826"]
[PlyCount "92"]
[EventDate "2016.07.08"]
[EventType "swiss"]
[EventRounds "5"]
[EventCountry "ENG"]
[SourceTitle "EXT 2023"]
[Source "ChessBase"]
[SourceDate "2022.10.05"]
[SourceVersion "1"]
[SourceVersionDate "2022.10.05"]
[SourceQuality "1"]

1. c4 e6 2. e4 d5 3. Nc3 dxe4 4. Nxe4 c5 5. b3 Qd4 6. Nc3 Nf6 7. Nf3 Qd8 8. d4 cxd4 9. Qxd4 Nc6 10. Qxd8+ Kxd8 11. Ng5 Ke8 12. Nb5 Bb4+ 13. Bd2 Bxd2+ 14. Kxd2 Ke7 15. Be2 h6 16. Nf3 Rd8+ 17. Kc2 a6 18. Nc3 e5 19. Rad1 Be6 20. h3 Rxd1 21. Bxd1 Rd8 22. Re1 Nb4+ 23. Kb1 Nd3 24. Re3 e4 25. Nxe4 Nxe4 26. Rxe4 Nxf2 27. Re1 Rxd1+ 28. Kc2 Rxe1 29. Nxe1 Kd6 30. Kc3 a5 31. Kd4 Bf5 32. a3 Ne4 33. b4 axb4 34. axb4 b6 35. Nf3 f6 36. g4 Bh7 37. h4 g5 38. hxg5 hxg5 39. Ke3 Nc3 40. Kd4 Na2 41. c5+ bxc5+ 42. bxc5+ Kc6 43. Kc4 Bg8+ 44. Kd4 Nc1 45. Nd2 Nb3+ 46. Nxb3 Bxb3 0-1

[Event "Birmingham 4NCL op-B 7th"]
[Site "Birmingham"]
[Date "2016.01.31"]
[Round "5"]
[White "Somton, Anita"]
[Black "Angheluta, Ovidiu"]
[Result "1-0"]
[WhiteElo "1488"]
[BlackElo "1902"]
[PlyCount "79"]
[EventDate "2016.01.29"]
[EventType "swiss"]
[EventRounds "5"]
[EventCountry "ENG"]
[SourceTitle "CBM 170 Extra"]
[Source "ChessBase"]
[SourceDate "2016.02.25"]
[SourceVersion "1"]
[SourceVersionDate "2016.02.25"]
[SourceQuality "1"]

1. d4 c6 2. c4 d6 3. Nf3 Bg4 4. e3 Qc7 5. Be2 Nf6 6. Nc3 e5 7. h3 Bh5 8. Qc2 Nbd7 9. Bd2 Be7 10. 0-0 0-0 11. Rac1 a6 12. a3 Rab8 13. b4 Rfc8 14. Rfe1 b5 15. c5 d5 16. dxe5 Nxe5 17. Nxe5 Qxe5 18. f4 Qc7 19. g4 Bg6 20. Bd3 Bxd3 21. Qxd3 Rd8 22. Re2 Rd7 23. Rce1 Rbd8 24. Qb1 Bf8 25. g5 Nh5 26. Rf2 f5 27. Qxf5 g6 28. Qg4 Bg7 29. Ne2 Re8 30. f5 Be5 31. Ref1 Ng7 32. f6 Nf5 33. Nd4 Bxd4 34. exd4 Re4 35. Bf4 Ne3 36. Bxc7 Rxg4+ 37. hxg4 Rxc7 38. f7+ Kf8 39. Re1 Re7 40. Rfe2 1-0

[Event "Cap Aurora op"]
[Site "Cap Aurora"]
[Date "2013.06.23"]
[Round "2"]
[White "Angheluta, Ovidiu"]
[Black "Georgescu, Tiberiu Marian"]
[Result "0-1"]
[WhiteElo "1968"]
[BlackElo "2375"]
[PlyCount "68"]
[EventDate "2013.06.22"]
[EventType "swiss"]
[EventRounds "9"]
[EventCountry "ROU"]
[SourceTitle "CBM 155 Extra"]
[Source "ChessBase"]
[SourceDate "2013.08.26"]
[SourceVersion "1"]
[SourceVersionDate "2013.08.26"]
[SourceQuality "1"]

1. c4 c5 2. Nc3 Nc6 3. g3 g6 4. Bg2 Bg7 5. d3 e6 6. e4 Nge7 7. Nge2 a6 8. a3 Rb8 9. Rb1 b5 10. cxb5 axb5 11. b4 cxb4 12. axb4 0-0 13. 0-0 d5 14. exd5 Nxd5 15. Nxd5 exd5 16. Qb3 Be6 17. Nf4 Nd4 18. Nxe6 fxe6 19. Qd1 Ra8 20. f4 Ra2 21. Rf2 Rxf2 22. Kxf2 Nf5 23. Bf3 Qb6+ 24. Kg2 Ra8 25. Qb3 Nd4 26. Qd1 Ra2+ 27. Kh1 Nxf3 28. Qxf3 Qc6 29. Qe3 Bd4 30. Qe1 Bc3 31. Qe3 d4+ 32. Qe4 Qxe4+ 33. dxe4 d3 34. Be3 Re2 0-1

[Event "Centrocoop op"]
[Site "Eforie Nord"]
[Date "1997.??.??"]
[Round "?"]
[White "Angheluta, Ovidiu"]
[Black "Filip, Lucian Ioan"]
[Result "1-0"]
[WhiteElo "1760"]
[BlackElo "2145"]
[PlyCount "67"]
[EventDate "1997.??.??"]
[EventType "swiss"]
[EventRounds "11"]
[EventCountry "ROU"]
[SourceTitle "EXT 2010"]
[Source "ChessBase"]
[SourceDate "2010.11.25"]
[SourceVersion "1"]
[SourceVersionDate "2010.11.25"]
[SourceQuality "1"]

1. c4 Nf6 2. Nc3 c6 3. e4 e5 4. g3 d6 5. Bg2 g6 6. Nge2 Bg7 7. 0-0 Be6 8. d3 0-0 9. h3 Qd7 10. Kh2 a5 11. a3 Na6 12. Rb1 Ne8 13. Be3 f5 14. f4 Nf6 15. b3 Nc7 16. Na4 Qf7 17. Qd2 Ra6 18. Bb6 Na8 19. Bxa5 b5 20. Nb2 fxe4 21. dxe4 bxc4 22. fxe5 dxe5 23. Nxc4 Bxc4 24. bxc4 Qxc4 25. Rfc1 Qe6 26. Rb7 Ne8 27. Bb4 Rf7 28. Rb8 Nac7 29. Ng1 Bf8 30. Bf1 Bxb4 31. Rxb4 Rxa3 32. Bc4 Qe7 33. Rf1 Ne6 34. Rb7 1-0